| 000 | 00698nam a2200289Ia 4500 | ||
|---|---|---|---|
| 008 | 160321s9999||||xx |||||||||||||| ||und|| | ||
| 040 | _cEnglish | ||
| 082 | _aXIC/Spratt | ||
| 082 | _bBORI-51802 | ||
| 100 | _aP. Spratt | ||
| 245 | _aDiamat As Philosophy Of Nature | ||
| 260 | _aBombay | ||
| 260 | _bThe Libartarian Social Institute | ||
| 260 | _c1958 | ||
| 300 | _a122 | ||
| 300 | _cA | ||
| 300 | _ePaperback | ||
| 530 | _u00094821.pdf | ||
| 563 | _aStudy | ||
| 600 | _aP. Spratt | ||
| 630 | _aDiamat As Philosophy Of Nature | ||
| 650 | _aGeneral Indology | ||
| 650 | _aPhilosophy | ||
| 700 | _aP. Spratt | ||
| 730 | _aDiamat As Philosophy Of Nature | ||
| 942 | _cBOOK | ||
| 999 |
_c1363940 _d1363937 |
||